Georgia : Selected Issues.

This Selected Issues paper reviews the financial sector development in Georgia in recent years, and investigates why it has lagged behind economic development, as well as developments in more advanced transition economies. The paper briefly reviews recent financial sector development in Georgia, com...

Ausführliche Beschreibung

Bibliographische Detailangaben
Körperschaft: International Monetary Fund
Format: Zeitschrift
Sprache:English
Veröffentlicht: Washington, D.C. : International Monetary Fund, 2006.
Schriftenreihe:IMF Staff Country Reports; Country Report ; No. 2006/170
Online Zugang:Full text available on IMF
LEADER 01651cas a2200241 a 4500
001 AALejournalIMF004201
008 230101c9999 xx r poo 0 0eng d
020 |c 5.00 USD 
020 |z 9781451814590 
022 |a 1934-7685 
040 |a BD-DhAAL  |c BD-DhAAL 
110 2 |a International Monetary Fund. 
245 1 0 |a Georgia :   |b Selected Issues. 
264 1 |a Washington, D.C. :  |b International Monetary Fund,  |c 2006. 
300 |a 1 online resource (63 pages) 
490 1 |a IMF Staff Country Reports 
500 |a <strong>Off-Campus Access:</strong> No User ID or Password Required 
500 |a <strong>On-Campus Access:</strong> No User ID or Password Required 
506 |a Electronic access restricted to authorized BRAC University faculty, staff and students 
520 3 |a This Selected Issues paper reviews the financial sector development in Georgia in recent years, and investigates why it has lagged behind economic development, as well as developments in more advanced transition economies. The paper briefly reviews recent financial sector development in Georgia, comparing it with developments in its neighboring countries in the Caucasus, the seven poorest countries in the Commonwealth of Independent States (CIS-7), the Baltics, and central and eastern Europe. The paper also analyzes possible factors constraining financial intermediation in Georgia and in some of the CIS countries more generally. 
538 |a Mode of access: Internet 
830 0 |a IMF Staff Country Reports; Country Report ;  |v No. 2006/170 
856 4 0 |z Full text available on IMF  |u http://elibrary.imf.org/view/journals/002/2006/170/002.2006.issue-170-en.xml  |z IMF e-Library